| 000 | 00000nam##2200000za#4500 |
| 001 | 9.666961 |
| 003 | CaOODSP |
| 005 | 20210615123213 |
| 007 | ta |
| 008 | 150407|2005||||xxc||||| f|0| 0 eng|d |
| 020 | |a0-662-69374-4 |
| 040 | |aCaOODSP|beng |
| 041 | |aeng |
| 041 | |afre |
| 043 | |an-cn--- |
| 086 | 1 |aH21-202/1-2005 |
| 110 | 1 |aCanada. |bHealth Canada. |
| 245 | 14|aThe regulation of GM food |
| 260 | |aOttawa - Ontario : |bHealth Canada |c[2005]. |
| 300 | |a1 folded sheet (English text, [3p.]) : |bcoloured illus. ; |c28 cm. |
| 563 | |aPamphlet |
| 590 | |a07-10|b2007-03-09 |
| 690 | 07|aFood|2gcpds |
| 690 | 07|aGenetic engineering|2gcpds |
| 792 | |tRéglementation des aliments génétiquement modifiés |efre|w(CaOODSP)9.666962 |